01246nam a2200325Ia 4500001001200000003000800012006001900020007001500039008004100054010001700095020001800112020003000130040002100160035002100181050002500202082001200227245009700239260004900336300002500385490003700410504005100447533015200498650004100650650001500691655002900706700002300735710001700758856012600775999001900901ebr10661680CaPaEBRm u cr cn|||||||||100920s2011 nyua sb 001 0 eng d z 2010036440 z9781611224283 z9781616685355 (hardcover) aCaPaEBRcCaPaEBR a(OCoLC)83336108414aQD453.3b.N49 2011eb04a54122200aNew trends in chemical physics researchh[electronic resource] /cAlbert R. Baswell, editor. aNew York :bNova Science Publishers,cc2011. axiii, 353 p. :bill.0 aAdvances in mathematics research aIncludes bibliographical references and index. aElectronic reproduction.bPalo Alto, Calif. :cebrary,d2013.nAvailable via World Wide Web.nAccess may be limited to ebrary affiliated libraries. 0aChemistry, Physical and theoretical. 0aChemistry. 7aElectronic books.2local1 aLapherty, James N.2 aebrary, Inc.40uhttp://site.ebrary.com/lib/rucke/Doc?id=10661680zAn electronic book accessible through the World Wide Web; click to view c169798d169798